Cities of India - Satellite - Statistics

General Stats
  • This quiz has been taken 9 times
  • The average score is 11 of 28
Answer Stats
Picture Answer % Correct
Mumbai
100%
Chennai
88%
Kochi
75%
Ahmedabad
63%
Delhi
63%
Bengaluru
50%
Kolkata
50%
Surat
50%
Agra
38%
Bhopal
38%
Jaipur
38%
Patna
38%
Port Blair
38%
Varanasi
38%
Visakhapatnam
38%
Cuttack
25%
Diu
25%
Guwahati
25%
Hyderabad
25%
Kanpur
25%
Leh
25%
Lucknow
25%
Panaji
25%
Rajkot
25%
Haldia
13%
Pune
13%
Srinagar
13%
Ajmer
0%
No matching quizzes found
Score Distribution
Percent of People with Each Score
Percentile by Number Answered
Your Score History
You have not taken this quiz